[Event "Stare Mesto op"]
[Site "Stare Mesto"]
[Date "2004.08.15"]
[Round "3"]
[White "Savage, Ben D"]
[Black "Kruppa, Dominik"]
[Result "1-0"]
[WhiteElo "2204"]
[BlackElo "2054"]
[PlyCount "61"]
[EventDate "2004.08.13"]
[EventType "swiss"]
[EventRounds "10"]
[EventCountry "CZE"]
[SourceTitle "EXT 2006"]
[Source "ChessBase"]
[SourceDate "2005.11.24"]
[SourceVersion "1"]
[SourceVersionDate "2005.11.24"]
[SourceQuality "1"]

1. d4 Nf6 2. Bg5 Ne4 3. Bf4 d5 4. e3 Bf5 5. Bd3 e6 6. Ne2 Bg6 7. 0-0 Bd6 8. f3 Nf6 9. Bg5 c5 10. c4 dxc4 11. Bxc4 0-0 12. Nbc3 cxd4 13. Qxd4 Nc6 14. Qh4 Be7 15. Nf4 Ne5 16. Nxg6 Nxg6 17. Qf2 Qb6 18. Qe2 Rac8 19. Bb3 h6 20. Bxf6 Bxf6 21. Ne4 Be5 22. Kh1 Rc6 23. Rad1 Rfc8 24. f4 Bb8 25. Nc3 a6 26. Rd2 Ba7 27. Rd3 Rd6 28. Rxd6 Qxd6 29. g3 Rd8 30. e4 Qd2 31. Rd1 1-0

[Event "SVK-chT1W 0203"]
[Site "Slovakia"]
[Date "2002.11.10"]
[Round "4.6"]
[White "Stefan, Oldrich"]
[Black "Kruppa, Dominik"]
[Result "1-0"]
[WhiteElo "2050"]
[BlackElo "2091"]
[PlyCount "101"]
[EventDate "2002.10.12"]
[EventType "team-tourn"]
[EventRounds "11"]
[EventCountry "SVK"]
[SourceTitle "EXT 2005"]
[Source "ChessBase"]
[SourceDate "2004.11.15"]
[SourceVersion "1"]
[SourceVersionDate "2004.11.15"]
[SourceQuality "1"]
[WhiteTeam "Bratislava Slovan"]
[BlackTeam "Osuske"]
[WhiteTeamCountry "SVK"]
[BlackTeamCountry "SVK"]

1. d4 d5 2. Nf3 Nf6 3. c4 c6 4. e3 a6 5. Nc3 b5 6. b3 e6 7. cxd5 cxd5 8. Bd3 Bb7 9. 0-0 Nbd7 10. Bb2 Bd6 11. Rc1 0-0 12. Bb1 Qe7 13. Re1 Ne4 14. Qe2 b4 15. Na4 Qf6 16. Nd2 Qh6 17. Nf1 f5 18. f3 Nef6 19. g3 g5 20. Nd2 g4 21. f4 Qg6 22. Nc5 Bxc5 23. dxc5 Nb8 24. a3 Nc6 25. axb4 Nxb4 26. Ba3 Nc6 27. b4 h5 28. Qd3 Qh6 29. Nb3 h4 30. Qf1 hxg3 31. hxg3 d4 32. exd4 Ne5 33. Rxe5 Qh1+ 34. Kf2 Qf3+ 35. Ke1 Qxg3+ 36. Qf2 Qxb3 37. Re3 Qd5 38. Ba2 Qh1+ 39. Ke2 Bf3+ 40. Kd2 Qh6 41. Bxe6+ Kg7 42. Qg3 Ne4+ 43. Rxe4 Bxe4 44. d5 Rfd8 45. Bb2+ Kf8 46. Ke3 Qh3 47. Rg1 Rab8 48. Qxh3 gxh3 49. Rg8+ Ke7 50. Rg7+ Kf8 51. Bf6 1-0

[Event "Bratislava Slovan op"]
[Site "Bratislava"]
[Date "2002.10.12"]
[Round "6"]
[White "Arendas, Marek"]
[Black "Kruppa, Dominik"]
[Result "1-0"]
[WhiteElo "2174"]
[BlackElo "2121"]
[PlyCount "43"]
[EventDate "2002.04.27"]
[EventType "swiss"]
[EventRounds "9"]
[EventCountry "SVK"]
[SourceTitle "EXT 2004"]
[Source "ChessBase"]
[SourceDate "2003.11.25"]
[SourceVersion "1"]
[SourceVersionDate "2003.11.25"]
[SourceQuality "1"]

1. e4 c5 2. Nf3 d6 3. d4 cxd4 4. Nxd4 Nf6 5. Nc3 a6 6. a4 b6 7. Bg5 e6 8. Qf3 Bb7 9. Rd1 Nbd7 10. Qh3 Qc7 11. Be2 Be7 12. 0-0 0-0 13. Rfe1 Nc5 14. Bd3 Bc6 15. Bxf6 Bxf6 16. e5 Nxd3 17. exf6 Nxe1 18. Qg4 g6 19. Qg5 Kh8 20. Rxe1 Bd7 21. Re4 Qd8 22. Rh4 1-0

[Event "Bratislava Slovan op"]
[Site "Bratislava"]
[Date "2002.10.12"]
[Round "2"]
[White "Vukovic, Ivo"]
[Black "Kruppa, Dominik"]
[Result "1-0"]
[WhiteElo "2273"]
[BlackElo "2121"]
[PlyCount "65"]
[EventDate "2002.04.27"]
[EventType "swiss"]
[EventRounds "9"]
[EventCountry "SVK"]
[SourceTitle "EXT 2004"]
[Source "ChessBase"]
[SourceDate "2003.11.25"]
[SourceVersion "1"]
[SourceVersionDate "2003.11.25"]
[SourceQuality "1"]

1. Nf3 d5 2. b3 c5 3. e3 Nc6 4. Bb5 Bg4 5. h3 Bh5 6. g4 Bg6 7. Ne5 Qd6 8. Bb2 d4 9. Qf3 Rc8 10. Nxg6 Qxg6 11. Na3 e5 12. 0-0 Bd6 13. Rfe1 Nge7 14. exd4 cxd4 15. Nc4 0-0 16. Nxd6 Qxd6 17. a4 f5 18. Ba3 Qf6 19. gxf5 Qg5+ 20. Qg4 Rxf5 21. Bc4+ Kh8 22. Be6 Rcf8 23. Bxf5 Rxf5 24. Qxg5 Rxg5+ 25. Kh1 Ng6 26. Rg1 Rh5 27. Rg3 Nh4 28. Rf1 Nf5 29. Rf3 e4 30. Rf4 e3 31. fxe3 Ng3+ 32. Kg2 g5 33. Rf8+ 1-0

[Event "SVK-chB op"]
[Site "Kaskady"]
[Date "2002.07.03"]
[Round "5.26"]
[White "Mesaros, Jan"]
[Black "Kruppa, Dominik"]
[Result "1/2-1/2"]
[WhiteElo "2013"]
[BlackElo "2121"]
[PlyCount "32"]
[EventDate "2002.06.29"]
[EventType "swiss"]
[EventRounds "9"]
[EventCountry "SVK"]
[SourceTitle "CBM 089 Extra"]
[Source "ChessBase"]
[SourceDate "2002.09.10"]
[SourceVersion "2"]
[SourceVersionDate "2002.09.10"]
[SourceQuality "1"]

1. c4 e5 2. Nc3 Nf6 3. g3 c6 4. Nf3 d6 5. d3 g6 6. Bg2 Bg7 7. 0-0 0-0 8. Rb1 a5 9. a3 Na6 10. b4 axb4 11. axb4 Nc7 12. b5 Ne6 13. Ng5 Bd7 14. Nxe6 fxe6 15. Bg5 Qc7 16. Qb3 d5 1/2-1/2

[Event "SVK-ch U16"]
[Site "Bratislava"]
[Date "2002.02.25"]
[Round "2.11"]
[White "Kruppa, Dominik"]
[Black "Meszaros, Michal"]
[Result "0-1"]
[WhiteElo "2121"]
[BlackElo "2253"]
[PlyCount "34"]
[EventDate "2002.02.24"]
[EventType "swiss"]
[EventRounds "9"]
[EventCountry "SVK"]
[SourceTitle "EXT 2004"]
[Source "ChessBase"]
[SourceDate "2003.11.25"]
[SourceVersion "1"]
[SourceVersionDate "2003.11.25"]
[SourceQuality "1"]

1. e4 c5 2. Nf3 d6 3. d4 cxd4 4. Nxd4 Nf6 5. Nc3 a6 6. Bg5 e6 7. f4 Qb6 8. Nb3 Be7 9. Qf3 Nbd7 10. 0-0-0 Qc7 11. g4 h6 12. Bh4 b5 13. f5 Ne5 14. Qg3 b4 15. Ne2 Nxe4 16. Qf4 Bxh4 17. Qxe4 Bb7 0-1